000 02776cam a22004934i 4500
003 PE-LiUPU
005 20250731173338.0
008 150706s r 000 0 d
020 _a1573120731
035 _a(Sirsi) i9781573120739
040 _aPE-LiUPU
_bspa
_cPE-LiUPU
_erda
049 _aPRUA
082 0 4 _a224.4077
_bO33
_221
100 1 _aOdell, Margaret S.,
_eautor.
245 1 0 _aEzekiel /
_cMargaret S. Odell.
264 1 _aMacon, Georgia :
_bSmyth & Helwys Pub.,
_c2005.
300 _a565 páginas :
_bilustraciones ;
_c26 centímetros
300 _aCD-ROM
336 _atext
_2rdacontent
337 _aunmediated
_2rdamedia
338 _avolume
_2rdacarrier
490 0 _aSmyth & Helwys Bible commentary
504 _aIncluye bibliografía.
505 0 _aThe inaugural vision -- Ezekiel's First audience With the Divine Glory -- Ezekiel's second audience with the Divine Glory -- Against the mountains of Israel -- The end -- The vision of the temple: abominations and Ethical abuses -- Zedekiah betrays the city -- False prophets Betray the city -- No intrcession for Jerusalem -- The Useless Wood of the Vine -- Jerusalem, Yahweh?s Foundling Bride -- A parable of the cedar and the Vine -- A Challenge to the second generation -- A Lamentation -- The Content and Significance of Yahweh?s Oath to the Ancestors -- The Weapon of Yahweh -- The Bloody city -- Two sisters and their Dangerous Liaisons -- The Beginning of the siege of Jerusalem -- The Oracles against the nations -- The city of Tyre -- A lament over the sinking of the ship Tyre -- The king of Tyre -- The Great Crocodile -- The support of Egypt -- The lesson of Assyria -- The End of Egypt and Its Hordes -- The Exiles' Complaint -- The Shepherd -- Reclaiming the Land: The Mountains of Edom and Israel -- The Valley of Dry Bones -- The Defeat of Gog and his Hordes on the Mountains of Israel -- The vision of the dominion of Yahweh.
526 _aSEG42
526 _aSEG41
526 _aSEG40
526 _aSEG39
526 _aP94
526 _aP87
526 _aP86
526 _aP85
526 _aP77
526 _aP76
526 _aP35
541 _g20081126230934D47324;
630 _aBiblia.
_pA.T.
_pEzequiel
_xComentarios.
910 _agl
_bjv
_clch
_d20090816
942 _2ddc
_cBOOK
949 _a224.4077 O33
_wDEWEY
_c1
_i59837
_lCCODEBUL1
_mBUL
_p51.00
_r0
_sY
_tBOOK
_u2015-7-6
_xTEOLOGIA
_PP85
_0COMPRA
_o.STAFF. Colección General
994 _aC0
_bPEPRU
596 _a1
999 _a224.4077 O33
_wDEWEY
_c49371
_i59837
_d49371
_e2018-6-18
_f2021-11-9
_g5
_lCCODEBUL1
_mBUL
_n1
_p51.00
_q9
_r0
_sY
_tBOOK
_u2015-7-6
_xTEOLOGIA
_PP85
_0COMPRA
_o.STAFF. Colección General
980 _81
_gALBERTO SANCHEZ Responsable de Automatización